00721nam a2200253Ia 4500008004100000020001500041050001300056050001400069100002200083245001900105245002200124260001300146260003700159260000900196300001500205300002000220300001100240440001700251440001100268650003300279650002500312999001900337952011100356160319s9999 xx 000 0 und d a9716300433 aFil 920  bJ83a 1995 aJose, Vivencio R. aAntonio Luna / cVivencio R. Jose. aManila : bTahanan Books for Young Readers  c1995 a31 pages : billustrations : c26 cm. aGreat lives. vvol. 6 aLuna, Antonio, 1866-1899 --  xJuvenile literature. c292332d292332 001040aSSISBbSSISBcFILd2016-03-19l0oFil 920 J83a 1995pLS 4206r2016-03-19 00:00:00w2016-03-19yBK